Lecciones de estética
Bewaard in:
| Hoofdauteur: | |
|---|---|
| Formaat: | Boek |
| Taal: | Spaans |
| Gepubliceerd in: |
Barcelona
Península
1989
|
| Reeks: | Historia, Ciencia, Sociedad, 215, 227
|
| Onderwerpen: | |
| Tags: |
Voeg label toe
Geen labels, Wees de eerste die dit record labelt!
|
MARC
| LEADER | 00000nam a2200000 a 4500 | ||
|---|---|---|---|
| 001 | UCX8918 | ||
| 003 | CL-VaPUC | ||
| 008 | 940505e19890000SP |||||||||||||||||spa|d | ||
| 082 | 0 | 4 | |a 701.17 |b HEG |2 21 |
| 100 | |a Hegel, Georg Wilhelm Friedrich |e autor |9 580639 | ||
| 245 | 1 | 0 | |a Lecciones de estética |
| 300 | |a v | ||
| 942 | |c BK | ||
| 945 | |d 19940505 00:00:00 |a aalvarez | ||
| 260 | |a Barcelona |b Península |c 1989 | ||
| 650 | 0 | |a Estética |9 264950 | |
| 650 | 0 | |a Filosofía del arte |9 264951 | |
| 583 | |a last modification |c 19940505 00:00:00 |k Rodrigo Vera | ||
| 490 | 0 | |a Historia, Ciencia, Sociedad, 215, 227 | |
| 999 | |c 228285 |d 228283 | ||
| 952 | |0 0 |1 0 |4 0 |6 701_170000000000000_HEG_1989 |7 0 |8 A |9 228189 |a BIBART |b BIBART |d 2019-11-15 |h v.1 |i 3203832 |l 15 |m 12 |o 701.17 HEG 1989 |p 3203832 |r 2025-03-13 |s 2024-09-06 |w 2019-11-15 |y BK |k ART | ||
| 952 | |0 0 |1 0 |4 0 |6 701_170000000000000_HEG_1989 |7 0 |8 A |9 228190 |a BIBART |b BIBART |d 2019-11-15 |h v.2 |i 3203840 |l 11 |m 11 |o 701.17 HEG 1989 |p 3203840 |r 2025-03-13 |s 2021-12-13 |w 2019-11-15 |y BK |k ART | ||